Sports that start with a,b,c,d and e - Statistics

General Stats
  • This quiz has been taken 85 times
  • The average score is 7 of 23
Answer Stats
Letter Answer % Correct
B Baseball
90%
B Basketball
84%
B Badminton
58%
C Cricket
56%
A Athletics
49%
A Archery
48%
C Curling
45%
E Equestrian
41%
C Cycling
37%
D Darts
34%
B Boxing
33%
D Diving
33%
B Bowling
30%
D Dodgeball
26%
C Cross-country
22%
C Croquet
14%
D Decathlon
11%
A Acrobatics
10%
C Canoeing
10%
A Aerobics
8%
A Auto racing
4%
A Aerobatics
3%
A Australian football (AFL)
3%
No matching quizzes found
Score Distribution
Percent of People with Each Score
Percentile by Number Answered
Your Score History
You have not taken this quiz